The japanese house and garden / (Record no. 19795)

MARC details
000 -CABECERA
campo de control de longitud fija 00803nam a2200241 4500
003 - IDENTIFICADOR DEL NÚMERO DE CONTROL
campo de control OSt
005 - FECHA Y HORA DE LA ÚLTIMA TRANSACCIÓN
campo de control 20260601170955.0
008 - DATOS DE LONGITUD FIJA--INFORMACIÓN GENERAL
campo de control de longitud fija 260504t1955\\\\enka||||\||||\00|\0\eng\d
040 ## - FUENTE DE LA CATALOGACIÓN
Centro catalogador/agencia de origen ICI
Lengua de catalogación spa
Centro/agencia transcriptor ICI
041 ## - CÓDIGO DE LENGUA
Código de lengua del texto/banda sonora o título independiente eng
Código de lengua del material acompañante/anejo si no son libretos ger
050 ## - SIGNATURA TOPOGRÁFICA DE LA BIBLIOTECA DEL CONGRESO
Número de clasificación NA7451
Número de documento/Ítem Y615 1955
100 #1 - ENTRADA PRINCIPAL--NOMBRE DE PERSONA
Nombre de persona Yoshida, Tetsuro,
Término indicativo de función/relación autor.
9 (RLIN) 30408
245 #1 - MENCIÓN DE TÍTULO
Título The japanese house and garden /
Mención de responsabilidad, etc. Tetsuro Yoshida ; translated from the German by Marcus Q. Sims.
264 ## - PRODUCCIÓN, PUBLICACIÓN, DISTRIBUCIÓN, FABRICACIÓN Y COPYRIGHT
Producción, publicación, distribución, fabricación y copyright London :
Nombre del de productor, editor, distribuidor, fabricante Architectural Press,
Fecha de producción, publicación, distribución, fabricación o copyright 1955
300 ## - DESCRIPCIÓN FÍSICA
Extensión 204 páginas :
Otras características físicas ilustraciones
336 ## - TIPO DE CONTENIDO
Término de tipo de contenido texto
Fuente rdacontent
337 ## - TIPO DE MEDIO
Nombre/término del tipo de medio sin medio
Fuente rdamedia
338 ## - TIPO DE SOPORTE
Nombre/término del tipo de soporte volumen
Fuente rdacarrier
500 ## - NOTA GENERAL
Nota general Titulo original: Das japanische wohnhaus.
650 #1 - PUNTO DE ACCESO ADICIONAL DE MATERIA--TÉRMINO DE MATERIA
Fuente del encabezamiento o término Arquitectura doméstica
Subdivisión general Japón
9 (RLIN) 30409
700 ## - PUNTO DE ACCESO ADICIONAL--NOMBRE DE PERSONA
Nombre de persona Sims, Marcus Q.,
Término indicativo de función/relación traductor
9 (RLIN) 30410
942 ## - ELEMENTOS DE PUNTO DE ACCESO ADICIONAL (KOHA)
Fuente del sistema de clasificación o colocación Library of Congress Classification
Tipo de ítem Koha Libros
Suprimir en OPAC 1

No items available.